[Event "SVM_Regionalliga_2024-25"]
[Site "?"]
[Date "2025.04.06"]
[Round "10.4"]
[Board "2"]
[White "Neubauer,Jürgen"]
[Black "Bien,Stefan"]
[WhiteTeam "SK Turm Euskirchen 1"]
[BlackTeam "SV Horrem 1"]
[WhiteElo "1999"]
[BlackElo "1972"]
[WhiteDWZ "1983"]
[BlackDWZ "2034"]
[Result "1/2-1/2"]
[PlyCount "102"]
[EventDate "2025.04.06"]
[SourceDate "2025.04.06"]
 
1. e4 c6 2. d4 d5 3. Nd2 dxe4 4. Nxe4 Bf5 5. Ng3 Bg6 6. N1e2 e6 7. Nf4 Bd6 8. Nxg6 hxg6 9. c3 Nf6 10. Bd3 Qc7 11. Qf3 Nbd7 12. Bb1 Qa5 13. h3 Qd5 14. Ne4 Nxe4 15. Bxe4 Qc4 16. Bd2 Qb5 17. b3 Nf6 18. c4 Qa6 19. Bd3 Qa3 20. O-O Bb4 21. Rad1 Bxd2 22. Rxd2 Rd8 23. Bb1 Qa5 24. Rfd1 O-O 25. Qe3 Rd7 26. a3 Qxa3 27. Ra2 Qd6 28. Rxa7 c5 29. d5 Qb6 30. Ra2 exd5 31. cxd5 Rxd5 32. Rxd5 Nxd5 33. Qf3 Nf6 34. Re2 Qd6 35. Bd3 Qd7 36. Rc2 Rd8 37. Bf1 b6 38. g3 Qd1 39. Qxd1 Rxd1 40. Kg2 Ra1 41. Rd2 Ra8 42. Rd6 Rb8 43. Rc6 Ne8 44. Bb5 Kf8 45. Kf3 Ke7 46. Ke3 Rb7 47. Ba6 Rb8 48. Bb5 {(=)} g5 49. f4 gxf4+ 50. Kxf4 f6 51. h4 Rb7 {(=)} 1/2-1/2

[Event "SVM_Regionalliga_2024-25"]
[Site "?"]
[Date "2025.04.06"]
[Round "10.4"]
[Board "4"]
[White "Hack,Thomas"]
[Black "Schulz,Wilhelm"]
[WhiteTeam "SK Turm Euskirchen 1"]
[BlackTeam "SV Horrem 1"]
[WhiteElo "2014"]
[BlackElo "2046"]
[WhiteDWZ "1907"]
[BlackDWZ "2002"]
[Result "1/2-1/2"]
[PlyCount "108"]
[EventDate "2025.04.06"]
[SourceDate "2025.04.06"]
 
1. Nf3 Nf6 2. c4 e6 3. g3 d5 4. Bg2 Be7 5. O-O O-O 6. d4 dxc4 7. Qc2 a6 8. a4 Nc6 9. Qxc4 Na5 10. Qc2 Nc6 11. Rd1 Nb4 12. Qb3 Qd5 13. Qxd5 exd5 14. Bf4 c6 15. Nc3 Bf5 16. a5 Bc2 17. Rdc1 h6 18. Bc7 Bf5 19. Bb6 Nd7 20. Bc7 g5 21. Na4 Nc2 22. g4 Nxa1 23. gxf5 Nb3 24. Rc3 Rac8 25. Bb6 Nxb6 26. Nxb6 Nxa5 27. Nxc8 Rxc8 28. Ne5 Rd8 29. b3 Bf6 30. e3 Kg7 31. Bf1 Be7 32. Be2 Bd6 33. Ng4 f6 34. h3 Rd7 35. Nh2 Rc7 36. Bf3 b6 37. Nf1 Nb7 38. Ng3 Nd8 39. Kf1 a5 40. Ke2 Kf7 41. Rc1 Ke7 42. Kd3 Ra7 43. Ra1 Kd7 44. Ne2 Bb4 45. Bh5 Nb7 46. f3 b5 47. e4 Kd6 48. f4 dxe4+ 49. Kxe4 Kd7 50. fxg5 hxg5 51. Kd3 Nd6 52. Ng3 Kd8 53. Bg6 a4 54. Nh5 Ne8 {(=)} 1/2-1/2

[Event "SVM_Regionalliga_2024-25"]
[Site "?"]
[Date "2025.04.06"]
[Round "10.4"]
[Board "6"]
[White "Blumenthal,Ralf"]
[Black "Voigt,Ingrid"]
[WhiteTeam "SK Turm Euskirchen 1"]
[BlackTeam "SV Horrem 1"]
[WhiteElo "1917"]
[BlackElo "1990"]
[WhiteDWZ "1832"]
[BlackDWZ "1934"]
[Result "1-0"]
[PlyCount "77"]
[EventDate "2025.04.06"]
[SourceDate "2025.04.06"]
 
1. Nf3 e6 2. g3 d5 3. d4 c5 4. Bg2 Nc6 5. O-O Nf6 6. c4 cxd4 7. Nxd4 Bc5 8. Nb3 Be7 9. cxd5 exd5 10. Nc3 Be6 11. Bg5 O-O 12. Rc1 Qd7 13. Bxf6 Bxf6 14. Nc5 Qe7 15. Nxd5 Bxd5 16. Qxd5 Bxb2 17. Rb1 Rad8 18. Qc4 Ne5 19. Qb5 b6 20. Nb7 Bd4 21. Nxd8 Rxd8 22. h3 Bc5 23. Rbd1 Kf8 24. Rd5 f6 25. Rfd1 Nf7 26. Rd7 Rxd7 27. Rxd7 Qe5 28. Qd3 Nd6 29. Rxa7 f5 30. a3 g5 31. Rxh7 f4 32. gxf4 gxf4 33. Qd5 Qf6 34. Qa8+ Ne8 35. Qf3 Kg8 36. Ra7 Bd6 37. Qg4+ Kf8 38. Bd5 Ng7 39. Rf7+ 1-0

[Event "SVM_Regionalliga_2024-25"]
[Site "?"]
[Date "2025.04.06"]
[Round "10.4"]
[Board "7"]
[White "Olschewski,Martin"]
[Black "Pfening,Richard"]
[WhiteTeam "SV Horrem 1"]
[BlackTeam "SK Turm Euskirchen 1"]
[WhiteElo "1791"]
[BlackElo "1711"]
[WhiteDWZ "1694"]
[BlackDWZ "1540"]
[Result "1-0"]
[PlyCount "89"]
[EventDate "2025.04.06"]
[SourceDate "2025.04.06"]
 
1. Nf3 Nf6 2. g3 d5 3. Bg2 c5 4. O-O Nc6 5. d4 cxd4 6. Nxd4 e5 7. Nxc6 bxc6 8. c4 Be7 9. Nc3 Be6 10. Qa4 O-O 11. Rd1 Bd7 12. Qc2 d4 13. Ne4 Rc8 14. a3 c5 15. Nxf6+ Bxf6 16. b4 Bc6 17. b5 Bxg2 18. Kxg2 Qe7 19. e4 Bg5 20. a4 Bxc1 21. Rdxc1 Qg5 22. a5 f5 23. b6 axb6 24. axb6 f4 25. f3 fxg3 26. hxg3 Qf6 27. Qb3 Rf7 28. b7 Rb8 29. Ra8 Qd8 30. Rxb8 Qxb8 31. Rb1 Rd7 32. Qb5 Rc7 33. Qa6 Re7 34. Qc6 Kf7 35. Qxc5 Kf6 36. Rb6+ Kf7 37. Qd5+ Kf8 38. c5 d3 39. c6 d2 40. Qxd2 g5 41. Qxg5 Re8 42. Qf5+ Kg8 43. Qd7 Rf8 44. c7 Qa7 45. Qe6+ 1-0

[Event "SVM_Regionalliga_2024-25"]
[Site "?"]
[Date "2025.04.06"]
[Round "10.5"]
[Board "1"]
[White "Meyer,Emil"]
[Black "Borriss,Martin"]
[WhiteTeam "Klub Kölner SF 3"]
[BlackTeam "SG Siebengebirge 1"]
[WhiteElo "2004"]
[BlackElo "2427"]
[WhiteDWZ "2066"]
[BlackDWZ "2403"]
[Result "0-1"]
[PlyCount "38"]
[EventDate "2025.04.06"]
[SourceDate "2025.04.06"]
 
1. e4 c5 2. Nf3 Nc6 3. d4 cxd4 4. Nxd4 Qc7 5. Nc3 e6 6. Be3 a6 7. g4 h6 8. Qd2 Nf6 9. f3 Ne5 10. Be2 b5 11. O-O-O b4 12. Na4 d5 13. Nb3 Rb8 14. Nbc5 dxe4 15. fxe4 Nexg4 16. Bxg4 Nxg4 17. Bf4 e5 18. Bg3 Be7 19. Nd3 Bg5 0-1

[Event "SVM_Regionalliga_2024-25"]
[Site "?"]
[Date "2025.04.06"]
[Round "10.5"]
[Board "2"]
[White "Richter,Dirk"]
[Black "Karimi,Farhad"]
[WhiteTeam "SG Siebengebirge 1"]
[BlackTeam "Klub Kölner SF 3"]
[WhiteElo "2112"]
[BlackElo "2054"]
[WhiteDWZ "2020"]
[BlackDWZ "2056"]
[Result "1-0"]
[PlyCount "91"]
[EventDate "2025.04.06"]
[SourceDate "2025.04.06"]
 
1. c4 Nf6 2. Nc3 c5 3. g3 g6 4. Bg2 Bg7 5. Nf3 O-O 6. d3 d6 7. Rb1 Bd7 8. O-O Bc6 9. a3 Nbd7 10. b4 b6 11. Bb2 a5 12. b5 Bb7 13. Ne1 Ra7 14. Bxb7 Rxb7 15. Ng2 h5 16. f4 Ng4 17. h3 Bd4+ 18. Kh1 Nf2+ 19. Rxf2 Bxf2 20. e3 Qc8 21. Ne4 Bxg3 22. Nxg3 Nf6 23. Kh2 Kg7 24. Qf3 Rh8 25. Ne4 Qg4 26. Qf2 Qd7 27. Nh4 Kf8 28. Nxf6 exf6 29. Bxf6 Rg8 30. e4 Qe6 31. Qb2 Ke8 32. Nf3 Kd7 33. Ng5 Qe8 34. Re1 Kc8 35. e5 Kb8 36. Ne4 Rd7 37. Bg5 Qe6 38. Nf6 Rgd8 39. Nd5 Ka7 40. Bxd8 Rxd8 41. Qe2 Rd7 42. Qe4 h4 43. exd6 Rxd6 44. Re3 Kb8 45. Qxe6 fxe6 46. Ne7 1-0

[Event "SVM_Regionalliga_2024-25"]
[Site "?"]
[Date "2025.04.06"]
[Round "10.5"]
[Board "4"]
[White "Wambach,Patrick"]
[Black "Richter,Götz"]
[WhiteTeam "SG Siebengebirge 1"]
[BlackTeam "Klub Kölner SF 3"]
[WhiteElo "1977"]
[BlackElo "1984"]
[WhiteDWZ "1994"]
[BlackDWZ "1889"]
[Result "1/2-1/2"]
[PlyCount "79"]
[EventDate "2025.04.06"]
[SourceDate "2025.04.06"]
 
1. Nf3 b5 2. g3 Bb7 3. Bg2 Nf6 4. O-O e6 5. d3 d5 6. c3 Nbd7 7. Nbd2 Be7 8. Nb3 c5 9. Bg5 h6 10. Bxf6 Bxf6 11. Qc2 O-O 12. d4 Qb6 13. a4 Rfc8 14. dxc5 Nxc5 15. axb5 Nxb3 16. Qxb3 Rc5 17. Rfb1 Rxb5 18. Qd1 Bc6 19. Nd4 Bxd4 20. Qxd4 Qxd4 21. cxd4 a5 22. e3 a4 23. Bf1 Rb3 24. Be2 Rab8 25. Bd1 R3b4 26. Bc2 f6 27. Ra2 e5 28. dxe5 fxe5 29. Rba1 Kf7 30. Bxa4 Bxa4 31. Rxa4 Rxa4 32. Rxa4 Rxb2 33. Ra7+ {(=)} Kf6 34. Rd7 Rb5 35. h4 g6 36. Kg2 h5 37. Kf3 Ke6 38. Rg7 Kf6 39. Rd7 Ke6 40. Rg7 {(=)} 1/2-1/2

[Event "SVM_Regionalliga_2024-25"]
[Site "?"]
[Date "2025.04.06"]
[Round "10.5"]
[Board "5"]
[White "Pragua,Christoph"]
[Black "Borriss,Claudia"]
[WhiteTeam "Klub Kölner SF 3"]
[BlackTeam "SG Siebengebirge 1"]
[WhiteElo "2031"]
[BlackElo "2117"]
[WhiteDWZ "1895"]
[BlackDWZ "1985"]
[Result "0-1"]
[PlyCount "68"]
[EventDate "2025.04.06"]
[SourceDate "2025.04.06"]
 
1. d4 Nf6 2. c4 e6 3. Nf3 b6 4. a3 Bb7 5. Nc3 Be7 6. Bg5 d5 7. e3 O-O 8. Bd3 Ne4 9. Bxe7 Qxe7 10. cxd5 exd5 11. Rc1 c6 12. O-O Nd7 13. Qe2 f5 14. Rfe1 Rae8 15. Nd2 Nxc3 16. Rxc3 Qd6 17. Nf3 f4 18. Qc2 Qh6 19. Bf1 Nf6 20. Qc1 Ne4 21. Rc2 fxe3 22. Rxe3 c5 23. Qe1 Qf6 24. Qd1 Nxf2 25. Kxf2 Rxe3 26. Kxe3 Qf4+ 27. Kf2 cxd4 28. Kg1 Qe3+ 29. Kh1 g5 30. Qd2 g4 31. Rc7 gxf3 32. Qxe3 dxe3 33. gxf3 Rxf3 34. Bg2 Rf7 0-1

[Event "SVM_Regionalliga_2024-25"]
[Site "?"]
[Date "2025.04.06"]
[Round "10.5"]
[Board "6"]
[White "Anderton,Philip"]
[Black "Ye,Philipp"]
[WhiteTeam "SG Siebengebirge 1"]
[BlackTeam "Klub Kölner SF 3"]
[WhiteElo "1957"]
[BlackElo "1919"]
[WhiteDWZ "1856"]
[BlackDWZ "1841"]
[Result "1/2-1/2"]
[PlyCount "128"]
[EventDate "2025.04.06"]
[SourceDate "2025.04.06"]
 
1. d4 d5 2. c4 c6 3. Nf3 Nf6 4. cxd5 cxd5 5. Nc3 Nc6 6. Bf4 a6 7. e3 Bg4 8. Be2 e6 9. h3 Bxf3 10. Bxf3 Bd6 11. Bxd6 Qxd6 12. O-O O-O 13. Qd2 Rfd8 14. Rfd1 Rac8 15. Rac1 Qb4 16. a3 Qb3 17. Nb1 Na7 18. Rxc8 Rxc8 19. Rc1 Rxc1+ 20. Qxc1 Nc6 21. Nd2 Qd3 22. Bd1 g6 23. Ba4 Na5 24. Nf3 Qc4 25. Qd1 b5 26. Bc2 Qa2 27. b4 Nc4 28. a4 Nb2 29. Qc1 bxa4 30. Ne5 Nc4 31. Nd3 a3 32. Qb1 Qxb1+ 33. Bxb1 Ne4 34. Nc1 Nc3 35. Ba2 Nb2 36. Kf1 Nd3 37. Nxd3 Nxa2 38. Ke1 Nc3 39. Nc1 a2 40. Nb3 Kf8 41. f3 Ke7 42. Kd2 Na4 43. Kc2 Kd6 44. Na1 Kc6 45. Kb3 Kb5 46. Nc2 Nb6 47. Na3+ Kc6 48. Kxa2 Nc4 49. Nc2 h5 50. Kb3 a5 51. bxa5 Nxa5+ 52. Kc3 h4 53. e4 f6 54. Ne3 f5 55. Kb4 Nb7 56. e5 {(=)} g5 57. Ka4 Nd8 58. Ka5 Nf7 59. Nc2 Nh8 60. Nb4+ Kd7 61. Kb5 Ng6 62. Nd3 Kc7 63. Kc5 Nf8 64. Kb5 Kd7 {(=)} 1/2-1/2

[Event "SVM_Regionalliga_2024-25"]
[Site "?"]
[Date "2025.04.06"]
[Round "10.6"]
[Board "1"]
[White "Reinöhl,Christian"]
[Black "König,Christian"]
[WhiteTeam "SK Troisdorf"]
[BlackTeam "SF Lohmar 1"]
[WhiteElo "2140"]
[BlackElo "2033"]
[WhiteDWZ "2101"]
[BlackDWZ "2021"]
[Result "1/2-1/2"]
[PlyCount "158"]
[EventDate "2025.04.06"]
[SourceDate "2025.04.06"]
 
1. Nf3 d6 2. e4 Nf6 3. Nc3 e5 4. d4 Nbd7 5. Bc4 Be7 6. O-O c6 7. a4 Qc7 8. Re1 h6 9. h3 Nf8 10. Be3 Rg8 11. dxe5 dxe5 12. Nh4 Ng4 13. hxg4 Bxh4 14. g3 Bf6 15. Kg2 Qd7 {(=)} 16. Qxd7+ Bxd7 17. f3 Be6 18. Bxe6 Nxe6 19. Red1 Bg5 20. Bf2 Ke7 21. a5 Rgd8 22. Na4 Ke8 23. c3 Rxd1 24. Rxd1 Bd8 25. b4 Bc7 26. Be3 a6 27. Kf2 Rd8 28. Rh1 Ke7 29. Ke2 f6 30. Nb2 Rd7 31. Nc4 Kf7 32. Rf1 g5 33. Bf2 Kg6 34. Ne3 Ng7 35. Nc4 Ne6 36. Bb6 Bb8 37. Ne3 Ng7 38. Rh1 Kh7 39. Bc5 Rf7 40. Rd1 Bc7 41. Bb6 Kg6 42. Nc4 h5 43. gxh5+ Nxh5 44. Kf2 Ng7 45. Ne3 Ne6 46. Rh1 Bd6 47. Ke2 Bf8 48. Nf5 Rd7 49. Ne3 Rh7 50. Rxh7 Kxh7 51. Kd3 Kg6 52. Kc4 Kf7 53. Ng4 Kg6 54. Be3 Kf7 55. Nf2 Ke8 56. Nd3 Kd7 57. Nf2 Ke8 58. Ng4 Kf7 59. Bb6 Kg6 60. Kb3 Kf7 61. Ne3 Ke8 62. Kc4 Kf7 63. Kd3 Ke8 64. Ke2 Kf7 65. Kf1 Ke8 66. Kg2 Kf7 67. Kh3 Kg6 68. Kg4 Be7 69. Nc4 Nf8 70. Be3 Nd7 71. f4 exf4 72. gxf4 gxf4 73. Bxf4 c5 74. Bd6 Bxd6 75. Nxd6 cxb4 76. cxb4 Ne5+ 77. Kg3 Nc6 78. Nxb7 Nxb4 79. Kf4 Nc6 {(=)} 1/2-1/2

[Event "SVM_Regionalliga_2024-25"]
[Site "?"]
[Date "2025.04.06"]
[Round "10.6"]
[Board "2"]
[White "Langer,Raphael"]
[Black "Schwarz,Andreas"]
[WhiteTeam "SF Lohmar 1"]
[BlackTeam "SK Troisdorf"]
[WhiteElo "1880"]
[BlackElo "2125"]
[WhiteDWZ "1949"]
[BlackDWZ "2124"]
[Result "0-1"]
[PlyCount "158"]
[EventDate "2025.04.06"]
[SourceDate "2025.04.06"]
 
1. d4 Nf6 2. c4 g6 3. Nc3 d5 4. cxd5 Nxd5 5. e4 Nxc3 6. bxc3 Bg7 7. Bc4 c5 8. Ne2 O-O 9. O-O Nc6 10. Be3 cxd4 11. cxd4 Bg4 12. f3 Na5 13. Rc1 Nxc4 14. Rxc4 Bd7 15. Qb3 a6 16. Qxb7 Bb5 17. Rc2 Bxe2 18. Rxe2 Bxd4 19. Bxd4 Qxd4+ 20. Kh1 Qc4 21. Rfe1 Rab8 22. Qa7 Rb4 23. h3 Qe6 24. Rc2 Rfb8 25. Rec1 Rb1 26. Qg1 R1b2 27. a3 Rxc2 28. Rxc2 Rb3 29. Qc5 Qf6 30. a4 Qf4 31. Rc1 Qd2 32. Rg1 Qd7 33. Qc4 Rxf3 34. Rb1 Rf6 35. a5 Rc6 36. Qb4 Kg7 37. Qb2+ f6 38. e5 Qc7 39. exf6+ exf6 40. Qb4 h5 41. Re1 Rc5 42. Qb6 Qxb6 43. axb6 Rb5 44. Re6 Kf7 45. Rc6 a5 46. Rc7+ Ke6 47. Ra7 Kd6 48. Rg7 Rxb6 49. Rxg6 Ke5 50. Rh6 Kf4 51. Kh2 Kg5 52. Rh8 Ra6 53. Rg8+ Kf5 54. Rh8 Kg6 55. Rg8+ Kh6 56. Rg3 a4 57. Ra3 Kg5 58. Kg3 h4+ 59. Kf3 Kf5 60. Ke3 Ke5 61. Kd3 Kd5 62. Kc3 Kc5 63. Kb2 Kd4 64. Rf3 Ke4 65. Rc3 Rd6 66. Kc2 f5 67. Rc8 Ke3 68. Rc3+ Kf2 69. Rc4 Kg3 70. Rxa4 f4 71. Kc1 Kxg2 72. Rxf4 Kxh3 73. Rc4 Kg3 74. Rc3+ Kg2 75. Rc2+ Kg1 76. Rc3 Rh6 77. Kd1 h3 78. Ke2 Kg2 79. Rc7 h2 0-1

[Event "SVM_Regionalliga_2024-25"]
[Site "?"]
[Date "2025.04.06"]
[Round "10.6"]
[Board "3"]
[White "Fuß,Jean-Pierre"]
[Black "Akstinat,Sven-Holger"]
[WhiteTeam "SK Troisdorf"]
[BlackTeam "SF Lohmar 1"]
[WhiteElo "1952"]
[BlackElo "1980"]
[WhiteDWZ "2076"]
[BlackDWZ "1897"]
[Result "1-0"]
[PlyCount "155"]
[EventDate "2025.04.06"]
[SourceDate "2025.04.06"]
 
1. d4 g6 2. e4 Bg7 3. h4 c5 4. Nf3 cxd4 5. Nxd4 Nc6 6. Nb3 Nf6 7. Nc3 d6 8. Be2 h5 9. Bg5 Bd7 10. Qd2 a5 11. a4 Nb4 {(=)} 12. f3 Rc8 13. Rc1 Nc6 14. Nb5 b6 15. O-O O-O 16. Qe3 Ne5 17. Nd2 Rc5 18. Qf2 Qc8 19. c3 Qb7 20. Rfd1 Rcc8 21. Be3 Rb8 22. Nc4 Nxc4 23. Bxc4 Rfc8 24. Bf1 Rd8 25. Bc4 Rdc8 26. Bb3 Rd8 27. Rc2 Kf8 28. Rcd2 Ne8 29. Bd5 Bc6 30. Qe2 Bxd5 31. Rxd5 Nc7 32. Nxc7 Qxc7 33. Rb5 Rb7 34. Qd3 Qc6 35. Kf2 Rdb8 36. Rd2 Bf6 37. g3 Qc8 38. Kg2 Qe6 39. b3 Qc8 40. c4 Qc6 41. Qe2 Kg8 42. Rbd5 Qc8 43. Rd1 Bg7 44. Bf4 Qe6 45. Qd3 Rc8 46. Be3 Rcb8 47. Rb5 Bb2 48. Rf1 Ba3 49. Rd5 Bc5 50. Bc1 Qf6 51. Qd2 Bb4 52. Qc2 Qc3 53. Qb1 Qg7 54. Rd3 Bc3 55. Qc2 Bf6 56. Be3 Qf8 57. Qd2 Qc8 58. Rd5 Qc6 59. Rd1 Bg7 60. Qe2 Re8 61. Bf4 Rc8 62. g4 hxg4 63. fxg4 Qe8 64. h5 Rc5 65. Be3 Rxd5 66. Rxd5 Be5 67. hxg6 fxg6 68. Qf2 e6 69. Rxe5 dxe5 70. Qf6 Rd7 71. Qxe5 Qf7 72. Bd4 Kf8 73. c5 Rxd4 74. Qxd4 Qf4 75. cxb6 Qxg4+ 76. Kf2 Qh4+ 77. Ke2 Qh2+ 78. Qf2+ 1-0

[Event "SVM_Regionalliga_2024-25"]
[Site "?"]
[Date "2025.04.06"]
[Round "10.6"]
[Board "4"]
[White "Weiler,Wolfgang"]
[Black "Keßler,Ulrich"]
[WhiteTeam "SF Lohmar 1"]
[BlackTeam "SK Troisdorf"]
[WhiteElo "1881"]
[BlackElo "1920"]
[WhiteDWZ "1820"]
[BlackDWZ "1930"]
[Result "1-0"]
[PlyCount "39"]
[EventDate "2025.04.06"]
[SourceDate "2025.04.06"]
 
1. Nf3 Nf6 2. g3 g6 3. Bg2 Bg7 4. c4 O-O 5. Nc3 c6 6. d4 d5 7. cxd5 cxd5 8. O-O Ne4 9. Ng5 Nxc3 10. bxc3 Nc6 11. Qb3 e6 12. e4 h6 13. Nh3 dxe4 14. Nf4 b6 15. Bxe4 Qc7 16. Qc4 Bd7 17. d5 g5 18. dxe6 Be8 19. Nd5 Qd6 20. e7 1-0

[Event "SVM_Regionalliga_2024-25"]
[Site "?"]
[Date "2025.05.18"]
[Round "11.2"]
[Board "1"]
[White "Langer,Raphael"]
[Black "Meyer,Emil"]
[WhiteTeam "SF Lohmar 1"]
[BlackTeam "Klub Kölner SF 3"]
[WhiteElo "1880"]
[BlackElo "2004"]
[WhiteDWZ "1949"]
[BlackDWZ "2055"]
[Result "0-1"]
[PlyCount "48"]
[EventDate "2025.05.18"]
[SourceDate "2025.05.18"]
 
1. d4 d5 2. Nf3 Nf6 3. c4 dxc4 4. Qa4+ Nc6 5. Qxc4 e5 6. Nxe5 Nxe5 7. dxe5 Be6 8. Qa4+ Nd7 9. Nc3 c6 10. f4 Qb6 11. Bd2 O-O-O 12. O-O-O Nc5 13. Qc2 Be7 14. f5 Nb3+ 15. axb3 Bxb3 16. Qb1 Rxd2 17. Rxd2 Bg5 18. h4 Bf4 19. Qe4 Qf2 20. Nd1 Bxd2+ 21. Kxd2 Rd8+ 22. Kc3 Bxd1 23. e6 Qc5+ 24. Qc4 Qa5+ 0-1

[Event "SVM_Regionalliga_2024-25"]
[Site "?"]
[Date "2025.05.18"]
[Round "11.2"]
[Board "2"]
[White "Karimi,Farhad"]
[Black "Akstinat,Sven-Holger"]
[WhiteTeam "Klub Kölner SF 3"]
[BlackTeam "SF Lohmar 1"]
[WhiteElo "2038"]
[BlackElo "1980"]
[WhiteDWZ "2077"]
[BlackDWZ "1897"]
[Result "0-1"]
[PlyCount "72"]
[EventDate "2025.05.18"]
[SourceDate "2025.05.18"]
 
1. d4 e6 2. Nf3 Nf6 3. e3 b6 4. Bd3 Bb7 5. Nbd2 d5 6. O-O Be7 7. b3 Nbd7 8. Bb2 O-O 9. Ne5 Nxe5 10. dxe5 Nd7 11. f4 g6 12. f5 exf5 13. Bxf5 Nc5 14. Qg4 Bc8 15. e6 Bxe6 16. Bxe6 Nxe6 17. Rf3 Bg5 18. Raf1 h5 19. Qg3 h4 20. Qe5 d4 21. Rxf7 Bxe3+ 22. Kh1 Rxf7 23. Qxe6 Qd7 24. Qxg6+ Rg7 25. Qe4 Re8 26. Qxh4 Bxd2 27. Bxd4 Qg4 28. Qf2 Be3 29. Bxe3 Rxe3 30. c4 Re2 31. Qf8+ Kh7 32. Rg1 Rxg2 33. Qxg7+ Qxg7 34. Rxg2 Qa1+ 35. Rg1 Qxa2 36. Rg3 Qf2 0-1

[Event "SVM_Regionalliga_2024-25"]
[Site "?"]
[Date "2025.05.18"]
[Round "11.2"]
[Board "8"]
[White "Ye,Philipp"]
[Black "Hensel,Stephan"]
[WhiteTeam "Klub Kölner SF 3"]
[BlackTeam "SF Lohmar 1"]
[WhiteElo "1894"]
[BlackElo "1763"]
[WhiteDWZ "1854"]
[BlackDWZ "1412"]
[Result "1-0"]
[PlyCount "79"]
[EventDate "2025.05.18"]
[SourceDate "2025.05.18"]
 
1. d4 Nf6 2. Bg5 g6 3. Bxf6 exf6 4. c4 Bg7 5. Nc3 b6 6. Nf3 Bb7 7. e3 d6 8. Be2 Nd7 9. O-O O-O 10. Nd2 f5 11. Bf3 c6 12. Qa4 Qc7 13. g3 Nf6 14. Rac1 a6 15. Rfd1 c5 16. d5 Bc8 17. b4 Bd7 18. Qb3 Rfe8 19. Rb1 Rab8 20. Rdc1 Ng4 21. Qa3 Ne5 22. Be2 Bc8 23. Kg2 Ra8 24. h3 Bd7 25. Nf3 Nxf3 26. Bxf3 a5 27. bxc5 bxc5 28. Nb5 Bxb5 29. Rxb5 Reb8 30. Rcb1 Rxb5 31. Rxb5 Bf6 32. Qb3 Ra7 33. Rb8+ Kg7 34. Qb5 Bd8 35. h4 h5 36. Qb1 Ra6 37. Rb7 Rb6 38. Rxc7 Rxb1 39. Rd7 Rb8 40. Rxd6 1-0

[Event "SVM_Regionalliga_2024-25"]
[Site "?"]
[Date "2025.05.18"]
[Round "11.3"]
[Board "1"]
[White "Borriss,Martin"]
[Black "Krings,Thomas"]
[WhiteTeam "SG Siebengebirge 1"]
[BlackTeam "SV Horrem 1"]
[WhiteElo "2427"]
[BlackElo "1766"]
[WhiteDWZ "2403"]
[BlackDWZ "2046"]
[Result "1-0"]
[PlyCount "69"]
[EventDate "2025.05.18"]
[SourceDate "2025.05.18"]
 
1. e4 e5 2. Nf3 Nc6 3. Bb5 a6 4. Ba4 Nf6 5. O-O Be7 6. Re1 b5 7. Bb3 d6 8. c3 O-O 9. d4 Bg4 10. Be3 exd4 11. cxd4 d5 12. e5 Ne4 13. h3 Bxf3 14. gxf3 Ng5 15. f4 Ne4 16. f5 Bg5 17. Nc3 Nxc3 18. bxc3 Bxe3 19. fxe3 Na5 20. Bc2 Qg5+ 21. Qg4 Qxg4+ 22. hxg4 Nc4 23. g5 c5 24. Kf2 b4 25. cxb4 cxb4 26. f6 g6 27. Re2 Rac8 28. Kf3 Nb6 29. Rh1 h5 30. e6 Rc3 31. e7 Re8 32. Bb3 a5 33. Rc2 Rxc2 34. Bxc2 Rc8 35. Bd3 1-0

[Event "SVM_Regionalliga_2024-25"]
[Site "?"]
[Date "2025.05.18"]
[Round "11.3"]
[Board "2"]
[White "Bien,Stefan"]
[Black "Richter,Dirk"]
[WhiteTeam "SV Horrem 1"]
[BlackTeam "SG Siebengebirge 1"]
[WhiteElo "1983"]
[BlackElo "2112"]
[WhiteDWZ "2046"]
[BlackDWZ "2020"]
[Result "1/2-1/2"]
[PlyCount "47"]
[EventDate "2025.05.18"]
[SourceDate "2025.05.18"]
 
1. d4 d5 2. Nf3 Nf6 3. c3 e6 4. Bg5 Nbd7 5. Nbd2 h6 6. Bh4 Be7 7. e3 c5 8. Bd3 O-O 9. O-O b6 10. Qe2 Bb7 11. Ba6 Qc8 12. Bxb7 Qxb7 13. Ne5 Nxe5 14. dxe5 Nh7 15. Bxe7 Qxe7 16. Rad1 Rfd8 17. f4 Nf8 18. Nf3 Rac8 19. Rd2 Ng6 20. g3 Qc7 21. Rfd1 Rd7 22. e4 Rcd8 23. exd5 Rxd5 24. c4 {(=)} 1/2-1/2

[Event "SVM_Regionalliga_2024-25"]
[Site "?"]
[Date "2025.05.18"]
[Round "11.3"]
[Board "3"]
[White "Borriss,Benjamin"]
[Black "Hess,Christian"]
[WhiteTeam "SG Siebengebirge 1"]
[BlackTeam "SV Horrem 1"]
[WhiteElo "1814"]
[BlackElo "2135"]
[WhiteDWZ "1916"]
[BlackDWZ "1983"]
[Result "1-0"]
[PlyCount "117"]
[EventDate "2025.05.18"]
[SourceDate "2025.05.18"]
 
1. d4 Nf6 2. c4 g6 3. Nc3 d5 4. cxd5 Nxd5 5. e4 Nxc3 6. bxc3 Bg7 7. Be3 c5 8. Qd2 Qa5 9. Rb1 b6 10. Bb5+ Bd7 11. Be2 Bc6 12. Bd3 c4 13. Bxc4 Bxe4 14. Rb5 Qa3 15. f3 Bc6 16. Rb4 O-O 17. Ne2 Na6 18. Rb3 Qa4 19. Qd3 Nc5 20. dxc5 Rfd8 21. Nd4 bxc5 22. Bb5 Bxb5 23. Qxb5 Qxa2 24. Ne2 c4 25. Qxc4 Qa1+ {(=)} 26. Bc1 Rac8 27. Qb4 a5 28. Qa3 Qxa3 29. Rxa3 Rd3 30. Rxa5 Rdxc3 31. Kf2 Rc2 32. Rd1 h5 33. Rad5 R8c7 34. Rd7 Bf6 35. Rxc7 Rxc7 36. Be3 e5 37. Rc1 Rb7 38. Nc3 Bg7 39. Ne4 f6 40. Rc8+ Kh7 41. h4 Rb2+ 42. Kg3 Rb7 43. Ra8 Rf7 44. Ra7 Kg8 45. Rxf7 Kxf7 46. Kf2 Ke7 47. Ke2 f5 48. Bg5+ Ke6 49. Nc3 e4 50. Kd2 exf3 51. gxf3 Be5 52. Kd3 Bc7 53. Ne2 Bb6 54. Nf4+ Kf7 55. Kc4 Ba5 56. Kd5 Bc3 {(=)} 57. Nd3 Ba5 58. Ne5+ Kg7 59. Ke6 1-0

[Event "SVM_Regionalliga_2024-25"]
[Site "?"]
[Date "2025.05.18"]
[Round "11.3"]
[Board "4"]
[White "Schulz,Wilhelm"]
[Black "Wambach,Patrick"]
[WhiteTeam "SV Horrem 1"]
[BlackTeam "SG Siebengebirge 1"]
[WhiteElo "2046"]
[BlackElo "1977"]
[WhiteDWZ "2002"]
[BlackDWZ "1994"]
[Result "1-0"]
[PlyCount "69"]
[EventDate "2025.05.18"]
[SourceDate "2025.05.18"]
 
1. e4 d6 2. d4 Nf6 3. Nc3 g6 4. Be3 Bg7 5. Qd2 O-O 6. f3 c6 7. h4 Qa5 8. Bh6 Na6 9. Bxa6 bxa6 10. Nge2 Rb8 11. b3 e5 12. dxe5 Qxe5 13. Bf4 Qa5 14. Rd1 Rd8 15. Kf2 Rb7 16. g4 d5 17. Nxd5 Qxd2 18. Nxf6+ Bxf6 19. Rxd2 Rxd2 20. Bxd2 Rd7 21. Be3 a5 22. g5 Bg7 23. Nf4 Ba6 24. Nd3 Bd4 25. Bxd4 Rxd4 26. Ke3 Rd6 27. Rh2 Kg7 28. Rd2 Bb7 29. Nc5 Rxd2 30. Kxd2 Bc8 31. Ke3 f6 32. Kd4 fxg5 33. hxg5 h5 34. gxh6+ Kxh6 35. f4 1-0

[Event "SVM_Regionalliga_2024-25"]
[Site "?"]
[Date "2025.05.18"]
[Round "11.3"]
[Board "5"]
[White "Borriss,Claudia"]
[Black "Tonev,Vasil"]
[WhiteTeam "SG Siebengebirge 1"]
[BlackTeam "SV Horrem 1"]
[WhiteElo "2117"]
[BlackElo "1840"]
[WhiteDWZ "1985"]
[BlackDWZ "1848"]
[Result "1-0"]
[PlyCount "103"]
[EventDate "2025.05.18"]
[SourceDate "2025.05.18"]
 
1. d4 d5 2. Nf3 Nf6 3. g3 e6 4. Bg2 c5 5. O-O Nc6 6. b3 b6 7. Bb2 Be7 8. c4 O-O 9. Ne5 Bb7 10. cxd5 exd5 11. Nxc6 Bxc6 12. Nd2 Rc8 13. Nf3 Bb7 14. Ne5 Rc7 15. a4 Re8 16. a5 Bd6 17. Bf3 cxd4 18. Nd3 Ne4 19. Bxd4 Bc5 20. axb6 axb6 21. Nxc5 bxc5 22. Be3 g5 23. Ra7 d4 24. Rxb7 Rxb7 25. Qc2 Rbe7 26. Bc1 Qd5 27. Ba3 Rc7 28. Rd1 Qe5 29. Bb2 f5 30. Bh5 Rd8 31. e3 g4 32. Qc4+ Qd5 33. Rxd4 cxd4 34. Qxc7 Nc3 35. Bf7+ Qxf7 36. Qxd8+ Qf8 37. Qg5+ Kh8 38. exd4 Nd1 39. Qd2 Nxb2 40. Qxb2 Qb4 41. d5+ Kg8 42. Qc2 Qe1+ 43. Kg2 Qe5 44. Qc4 Kg7 45. b4 Kf6 46. b5 Ke7 47. b6 Kd8 48. b7 Qc7 49. Qb4 Qb8 50. Qb6+ Kd7 51. Qc6+ Kd8 52. d6 1-0